=LDR 00000nam 2200000 4500 =001 INLIS000000000052567 =005 20180217120811 =035 ##$$a 0010-0218000263 =007 ta =008 180217###########################0#ind## =020 ##$$a 978-979-22-7317-5 =082 ##$$a 028.5 =084 ##$$a 028.5 SHI b =100 #$$a shin Ji Eun =245 1#$$a bayi kelinci bersayap =260 ##$$a Jakarta :$b gramedia,$c 2011 =300 ##$$a 27 hlm : $b Ilus ; $c 25 cm =990 ##$$a 40234023 =990 ##$$a 00092377